书目信息 |
| 题名: |
1929-1939年世界经济萧条
|
|
| 作者: | 金德尔伯格 著 ;宋承先 , 洪文达 译 | |
| 分册: | ||
| 出版信息: | 上海 上海译文出版社 1986.07 |
|
| 页数: | 369页 | |
| 开本: | 20cm | |
| 丛书名: | ||
| 单 册: | ||
| 中图分类: | F113.7 | |
| 科图分类: | ||
| 主题词: | 经济--世界 , 国际经济关系 | |
| 电子资源: | ||
| ISBN: | ||
| 000 | 00721nam0 2200241 45 | |
| 001 | 0404251036 | |
| 005 | 20040425103219.7 | |
| 010 | @dCNY1.90 | |
| 091 | @a4188.53 | |
| 100 | @a20040425d1986 km y0chiy0120 ea | |
| 101 | 0 | @achi |
| 105 | @a z 000yy | |
| 200 | 1 | @a1929-1939年世界经济萧条@A1929-1939 Nian Shi Jie Jing Ji Xiao Tiao@f(美)金德尔伯格著@F(Mei)Jin De Er Bo Ge Zhu@g宋承先,洪文达译 |
| 210 | @a上海@c上海译文出版社@d1986.07 | |
| 215 | @a369页@d20cm | |
| 606 | 0 | @a经济@x世界 |
| 606 | 0 | @a国际经济关系 |
| 690 | @aF113.7@v3 | |
| 701 | 0 | @a金德尔伯格@4著 |
| 702 | 0 | @a宋承先@ASong Cheng Xian@4译 |
| 702 | 0 | @a洪文达@AHong Wen Da@4译 |
| 801 | @aCN@bTSTCL@c20040425 | |
| 905 | @f2@b257564-565@dF113.7@e62 | |
| 1929-1939年世界经济萧条/(美)金德尔伯格著/宋承先,洪文达译.-上海:上海译文出版社,1986.07 |
| 369页;20cm |
| ISBN :CNY1.90 |
| ● |
| 相关链接 |
|
|
|
|
正题名:1929-1939年世界经济萧条
索取号:F113.7/62
 
预约/预借
| 序号 | 登录号 | 条形码 | 馆藏地/架位号 | 状态 | 备注 |
| 1 | 0257563 | 000197101 | 第一样本阅览室/ [索取号:F113.7/62] | 在馆 | |
| 2 | 0257564 | 000197147 | 第一借阅区/ [索取号:F113.7/62] | 在馆 | |
| 3 | 0257565 | 000197183 | 密集书库/ [索取号:F113.7/62] | 在馆 |